Wasted Summers- juju<3 - Statistics

General Stats
  • This quiz has been taken 31 times
  • The average score is 135 of 195
Answer Stats
Answer % Correct
I
100%
like
100%
summer
100%
my
95%
of
95%
was
95%
wasted
95%
you
95%
You
95%
Half
90%
half
90%
hand
90%
hold
90%
on
90%
the
90%
yes
90%
Yes
90%
your
90%
a
86%
can
86%
can,
86%
don't
86%
I'm
86%
understand
86%
man
81%
me
81%
say
81%
guess
76%
Tell
76%
time
76%
You're
76%
Holding
71%
tryna
71%
hands,
67%
In
67%
in
67%
it
67%
leech,
67%
lie
67%
telling
67%
again
62%
all
62%
spending
62%
to
62%
can't
57%
with
57%
cry,
52%
friends
52%
head,
52%
head
52%
that's
52%
didn't
48%
fake
48%
hang
48%
over
48%
pretend?
48%
Wasting
48%
blues
43%
crying
43%
Had
43%
have
43%
nothing
38%
We
38%
we
38%
Our
33%
our
33%
So
33%
la-la-la
29%
La-la-la-la,
29%
La-la-la-la-la
29%
left
24%
needing
24%
Needing
24%
summertime
24%
No matching quizzes found
Score Distribution
Percent of People with Each Score
Percentile by Number Answered
Your Score History
You have not taken this quiz